000 00281nam a22001217a 4500
008 170710b xxu||||| |||| 00| 0 eng d
041 _aeng
080 _a030
100 _a23
101 _aENC
245 _aTHE MEDICAL AND HEALTH ENCYCLOPEDIA
_cWAGMAN.R.J
942 _2udc
_cBK
999 _c20163
_d20163